A treatise on the principal mathematical instruments employed in surveying, levelling, and astronomy (Record no. 113874)

MARC details
000 -LEADER
fixed length control field 00669cam a22001935a 4500
001 - CONTROL NUMBER
control field L155852
008 - FIXED-LENGTH DATA ELEMENTS--GENERAL INFORMATION
fixed length control field 120418s1838 xxk f 000 0 eng d
035 ## - SYSTEM CONTROL NUMBER
System control number (Sirsi) u155852
041 0# - LANGUAGE CODE
Language code of text/sound track or separate title eng
100 1# - MAIN ENTRY--PERSONAL NAME
Personal name Simms, Frederick Walter
Dates associated with a name 1803-1865
245 02 - TITLE STATEMENT
Title A treatise on the principal mathematical instruments employed in surveying, levelling, and astronomy
Remainder of title explaining their construction, adjustments, and use
250 ## - EDITION STATEMENT
Edition statement 4th ed.
260 ## - PUBLICATION, DISTRIBUTION, ETC.
Place of publication, distribution, etc. London
Name of publisher, distributor, etc. J. Barker, Printer
Date of publication, distribution, etc. 1838
300 ## - PHYSICAL DESCRIPTION
Extent xi, 118p.
Other physical details ill.
Dimensions 23 cm.
583 ## - ACTION NOTE
Action Condition reviewed
Time/date of action 20120620
Status condition level 1
651 #4 - SUBJECT ADDED ENTRY--GEOGRAPHIC NAME
Geographic name Great Britain
Chronological subdivision 1707-
690 ## - LOCAL SUBJECT ADDED ENTRY--TOPICAL TERM (OCLC, RLIN)
Topical term or geographic name as entry element Measurement
9 (RLIN) 6256
942 ## - ADDED ENTRY ELEMENTS (KOHA)
Suppress in OPAC 0
Holdings
Withdrawn status Lost status Source of classification or shelving scheme Damaged status Not for loan Home library Current library Shelving location Date acquired Total Checkouts Full call number Barcode Date last seen Copy number Price effective from Koha item type
    Dewey Decimal Classification     Historic collection Historic collection Historic collection 18/04/2012   OCTAVO 1838 SIMMS 30076747 06/08/2019 1 06/08/2019 Book